Šachove drahokamy výber z tvorby

Bibliographic Details
Main Author: Száraz, Pál, 1954- (Author)
Other Authors: Ardamica, Zorán, 1970- (Translator)
Format: Book
Language:Slovak
Hungarian
PhysicalDescription:83 strán 19 cm
Published: Dunajská Streda Vydavateľstvo NAP 2021
ISBN:9788081040955
Edition:Prvé vydanie
Subjects:

MARC

LEADER 00000cam a2200000 4500
001 vtls012252250
003 SK-MaSNL
005 20260301073708.0
008 240307s2021 xo g 000 f slo
015 |a SNBA2024/08 
020 |a 9788081040955  |q (viazané) 
040 |a SNK  |b slo  |c SNK  |e rda 
041 1 |a slo  |h hun 
044 |a xo  |c SK 
072 7 |a 821.511.1  |x Ugrofínske literatúry  |2 konspekt 
080 |a 821.511.141-32  |2 2011 
080 |a (082.21)  |2 2011 
100 1 |a Száraz, Pál,  |d 1954-  |4 aut  |9 237880 
245 1 0 |a Šachove drahokamy  |b výber z tvorby  |c Pál Száraz ; preložil Zoran Ardamica 
250 |a Prvé vydanie 
264 1 |a Dunajská Streda  |b Vydavateľstvo NAP  |c 2021 
300 |a 83 strán  |c 19 cm 
336 |a text  |b txt  |2 rdacontent 
337 |a bez média  |b n  |2 rdamedia 
338 |a zväzok  |b nc  |2 rdacarrier 
500 |a Preložené pravdepodobne z maďarčiny 
655 7 |a maďarské novely  |2 SNKPH  |9 70661 
655 7 |a Hungarian novellas  |2 SNKPHeng  |9 335493 
655 7 |a výbery  |2 SNKPH  |9 67620 
655 7 |a Selections  |2 SNKPHeng  |9 277174 
700 1 |a Ardamica, Zorán,  |d 1970-  |4 trl  |9 98940 
852 |a Slovenská národná knižnica 
919 |a 978-80-8104-095-5 
954 |a beletria cudzojazyčná (svetová)  |2 lita 
958 |a LX 
958 |a UP 
958 |a HU 
968 |b MAG 
999 |c 644921  |d 646851 
952 |a SNK  |b SNK  |y PREZ  |7 0  |p 17A1542562  |o snkSD 92334  |i snk2024/3949  |8 0  |0 0  |1 0  |4 0  |d 2024-03-07  |l 0  |r 2026-02-23 18:04:21  |w 2026-02-23 
952 |a SNK  |b SNK  |y VYP  |7 0  |p 17A1542563  |o snkSD 92334 D1  |i snk2024/3950  |8 0  |0 0  |1 0  |4 0  |d 2024-03-07  |l 0  |r 2026-02-23 18:04:21  |w 2026-02-23